[Event "Campeonato Brasileiro Amador 2015"]
[Site "Esporte Clube Pinheiros, SÃ£o P"]
[Date "2015.05.01"]
[Round "2.2"]
[White "Queiroz, Alberto Becker"]
[Black "Borges, Fernando"]
[Result "1-0"]
[WhiteElo "2164"]
[BlackElo "1916"]
[PlyCount "95"]
[EventDate "2015.04.30"]

1. e4 e6 2. d3 d5 3. Nd2 Nf6 4. g3 c5 5. Bg2 Nc6 6. Ngf3 Be7 7. O-O b6 8. Re1
Bb7 9. c3 Qc7 10. a3 a5 11. a4 h6 12. Nf1 dxe4 13. dxe4 Rd8 14. Qb3 O-O 15. Bf4
e5 16. Bc1 Bc8 17. N3d2 Be6 18. Qc2 Rd7 19. Ne3 Rfd8 20. Ndc4 Rc8 21. Bd2 Nd4
22. cxd4 cxd4 23. Nxb6 Qxc2 24. Nxc2 Rxc2 25. Nxd7 Rxd2 26. Nxe5 Rxb2 27. Reb1
Rc2 28. Rc1 Bb3 29. Rxc2 Bxc2 30. Nc6 Bc5 31. e5 Nd7 32. Bh3 Nb6 33. e6 fxe6
34. Bxe6+ Kh7 35. Rc1 d3 36. Bf5+ g6 37. Bxd3 Bxf2+ 38. Kxf2 Bxd3 39. Ke3 Bf5
40. Nxa5 Nxa4 41. Rc7+ Kg8 42. Nc6 Nb6 43. Kd4 Kf8 44. Ne5 Na4 45. Rb7 Ke8 46.
Rb4 Bc2 47. Nc4 Bd1 48. Ne3 1-0

[Event "Campeonato Brasileiro Amador 2015"]
[Site "Esporte Clube Pinheiros, SÃ£o P"]
[Date "2015.05.01"]
[Round "2.3"]
[White "Medeiros, Thauane Ferreira"]
[Black "Nery Junior, Jose Antonio"]
[Result "0-1"]
[WhiteElo "1911"]
[BlackElo "2151"]
[PlyCount "68"]
[EventDate "2015.04.30"]

1. d4 c5 2. d5 e6 3. c4 exd5 4. cxd5 d6 5. Nc3 Nf6 6. e4 g6 7. Nge2 Bg7 8. Ng3
O-O 9. Be2 Na6 10. O-O Nc7 11. Bg5 h6 12. Be3 b5 13. a4 b4 14. Nb1 Re8 15. Nd2
Qe7 16. Qc1 Kh7 17. Nc4 Nd7 18. Bf4 Ne5 19. Nxe5 Bxe5 20. Bxe5 Qxe5 21. f4 Qd4+
22. Kh1 f5 23. Rd1 Qg7 24. exf5 Bxf5 25. Nxf5 gxf5 26. Bd3 Kh8 27. Bc4 Re4 28.
Bd3 Rd4 29. Bxf5 Nxd5 30. Be4 Rxe4 31. Rxd5 Re2 32. Qf1 Rxb2 33. Rxd6 Rg8 34.
g3 Rxh2+ 0-1

[Event "Campeonato Brasileiro Amador 2015"]
[Site "Esporte Clube Pinheiros, SÃ£o P"]
[Date "2015.05.01"]
[Round "2.4"]
[White "Almeida Junior, Alvaro Alves D"]
[Black "Rodrigues, Leonardo De Miranda"]
[Result "0-1"]
[WhiteElo "1906"]
[BlackElo "2111"]
[PlyCount "84"]
[EventDate "2015.04.30"]

1. e4 d6 2. d4 Nf6 3. Nc3 Nbd7 4. f4 e5 5. Nf3 exd4 6. Nxd4 Nc5 7. Bd3 Be7 8.
O-O O-O 9. Be3 Ng4 10. Qd2 c6 11. Rae1 Bf6 12. Nf3 Nxe3 13. Rxe3 Qb6 14. e5
dxe5 15. fxe5 Be7 16. Kh1 Be6 17. b3 Rad8 18. Qe2 Bg4 19. h3 Bh5 20. g4 Nxd3
21. Rxd3 Bg6 22. Rxd8 Rxd8 23. e6 Qa6 24. Qxa6 bxa6 25. exf7+ Bxf7 26. Ne5 Be8
27. Rd1 Rb8 28. Ne4 Rb5 29. Nd3 Bg6 30. Nef2 Rd5 31. Kg2 a5 32. c4 Rd4 33. Kf3
a4 34. Ne5 axb3 35. Rxd4 bxa2 36. Nxg6 a1=Q 37. Nxe7+ Kf7 38. Nxc6 a5 39. Nxa5
Qxd4 40. Ne4 Qd1+ 41. Kf4 Qf1+ 42. Kg5 h6+ 0-1

[Event "Campeonato Brasileiro Amador 2015"]
[Site "Esporte Clube Pinheiros, SÃ£o P"]
[Date "2015.05.01"]
[Round "2.5"]
[White "Felix, Raimundo Nascimento"]
[Black "Schutt, Ricardo De Amorim"]
[Result "1/2-1/2"]
[WhiteElo "1905"]
[BlackElo "2111"]
[PlyCount "34"]
[EventDate "2015.04.30"]

1. e4 c5 2. Nc3 Nc6 3. Bb5 g6 4. Bxc6 bxc6 5. f4 Bg7 6. d3 d6 7. Nf3 Nf6 8. O-O
Rb8 9. Rb1 O-O 10. Bd2 Ne8 11. b3 Nc7 12. a4 Bg4 13. h3 Bxf3 14. Qxf3 Ne6 15.
Ne2 Nd4 16. Nxd4 Bxd4+ 17. Be3 Bxe3+ 1/2-1/2

[Event "Campeonato Brasileiro Amador 2015"]
[Site "Esporte Clube Pinheiros, SÃ£o P"]
[Date "2015.05.01"]
[Round "2.6"]
[White "Silva, Lucas Henrique Da"]
[Black "Silva, Alexandre Freitas So"]
[Result "1-0"]
[WhiteElo "2100"]
[BlackElo "1903"]
[PlyCount "99"]
[EventDate "2015.04.30"]

1. d4 c6 2. Nf3 Nf6 3. c4 d5 4. e3 g6 5. Nc3 Bg7 6. Be2 O-O 7. O-O Be6 8. b3 h6
9. Bb2 Nbd7 10. Rc1 Rc8 11. Re1 c5 12. dxc5 Nxc5 13. b4 Na6 14. b5 Nc5 15. cxd5
Nxd5 16. Nd4 Nxc3 17. Rxc3 Bd5 18. Ba3 b6 19. Rc2 Re8 20. Rd2 e6 21. Bf3 Bxf3
22. Nxf3 Qc7 23. Rc2 Qb7 24. Qe2 Red8 25. Rec1 Ne4 26. Rc6 Nc3 27. Qc4 Rxc6 28.
bxc6 Qc7 29. Nd4 Bxd4 30. exd4 Nd5 31. g3 Rb8 32. Qb5 Ra8 33. Qa6 Rb8 34. Qb5
Ra8 35. Rc2 a6 36. Qc4 b5 37. Qc5 Rb8 38. Bc1 Kg7 39. Bd2 b4 40. h4 a5 41. Qc4
a4 42. Rb2 Rb6 43. Bxb4 Nxb4 44. Rxb4 Rxc6 45. Qd3 Rc1+ 46. Kh2 Qc6 47. d5 exd5
48. Qd4+ Kh7 49. Rb8 g5 50. h5 1-0

[Event "Campeonato Brasileiro Amador 2015"]
[Site "Esporte Clube Pinheiros, SÃ£o P"]
[Date "2015.05.01"]
[Round "2.7"]
[White "Ikejiri, Daniel Yoshito"]
[Black "Coutinho, Sidnei Bissacot"]
[Result "1/2-1/2"]
[WhiteElo "1881"]
[BlackElo "2078"]
[PlyCount "96"]
[EventDate "2015.04.30"]

1. d4 Nf6 2. c4 g6 3. Nc3 d5 4. Nf3 Bg7 5. Qb3 dxc4 6. Qxc4 O-O 7. e4 c6 8. Qb3
Qc7 9. e5 Nd5 10. Nxd5 cxd5 11. Bd2 Nc6 12. Rc1 Bg4 13. Qxd5 Bxf3 14. Qxf3 Qb6
15. Bc3 Nxd4 16. Qe4 Rac8 17. Rd1 Nc6 18. Be2 Qc7 19. e6 Bxc3+ 20. bxc3 f5 21.
Qe3 Qe5 22. Qxe5 Nxe5 23. f4 Nc6 24. Rd7 Rfd8 25. Rxb7 Rb8 26. Rxb8 Rxb8 27.
O-O Nd8 28. Rd1 Nxe6 29. Bc4 Kf7 30. Rd7 a5 31. Ra7 Rc8 32. Bb3 Rxc3 33. Rxa5
Rc6 34. Re5 Kf6 35. Rxe6+ Rxe6 36. Bxe6 Kxe6 37. Kf2 Kd5 38. Ke3 Kc4 39. a4 Kb4
40. Kd4 Kxa4 41. Ke5 Kb5 42. Ke6 Kc4 43. Kxe7 Kd4 44. Kf6 Ke4 45. Kg5 Ke3 46.
g3 Kf3 47. Kh6 Kg4 48. Kxh7 g5 1/2-1/2

[Event "Campeonato Brasileiro Amador 2015"]
[Site "Esporte Clube Pinheiros, SÃ£o P"]
[Date "2015.05.01"]
[Round "2.8"]
[White "Pinto, Rendrex Lopes"]
[Black "Pereira, Jorge Luiz Rodrigues"]
[Result "1-0"]
[WhiteElo "2072"]
[BlackElo "1875"]
[PlyCount "64"]
[EventDate "2015.04.30"]

1. d4 f5 2. e4 fxe4 3. Nc3 Nf6 4. Bg5 c6 5. f3 Qb6 6. Qd2 d5 7. fxe4 dxe4 8.
Bc4 Bf5 9. Nge2 Na6 10. O-O e6 11. Ng3 O-O-O 12. Nxf5 exf5 13. Rad1 Bb4 14. a3
Be7 15. Rxf5 h6 16. Be3 Kb8 17. b4 Ka8 18. Ra5 c5 19. Na4 Qc7 20. Bxa6 bxa6 21.
Nxc5 Bxc5 22. Rxc5 Qb7 23. c4 Rhf8 24. Qe2 g5 25. Rf1 Qd7 26. Rcf5 Nh7 27. Qg4
Nf6 28. Qg3 Nh7 29. Qh3 Qg7 30. Rxf8 Nxf8 31. Qf5 Qe7 32. Qf6 Qe6 1-0

[Event "Campeonato Brasileiro Amador 2015"]
[Site "Esporte Clube Pinheiros, SÃ£o"]
[Date "2015.05.01"]
[Round "2.9"]
[White "Vescovi, Katherine Lemos"]
[Black "Franca, Willian Bento"]
[Result "0-1"]
[WhiteElo "1865"]
[BlackElo "2061"]
[PlyCount "94"]
[EventDate "2015.04.30"]

1. Nf3 g6 2. g3 Bg7 3. d4 Nf6 4. Bg2 O-O 5. O-O d6 6. c4 Nbd7 7. Nc3 e5 8. e4
c6 9. b3 exd4 10. Nxd4 Re8 11. Bb2 Nc5 12. Re1 a5 13. Qd2 Qb6 14. Nc2 Be6 15.
Rad1 Rad8 16. Ba1 a4 17. b4 Ncd7 18. Qxd6 Nf8 19. c5 Rxd6 20. cxb6 Rxd1 21.
Rxd1 N8d7 22. Nxa4 Bxa2 23. e5 Nd5 24. b5 Bb3 25. bxc6 bxc6 26. Bxd5 cxd5 27.
Rd2 Bxa4 28. b7 Bc6 29. f4 Bxb7 30. Nd4 Rc8 31. Kf2 Nc5 32. Ke3 Ra8 33. Bb2 Bf8
34. Nb5 Ne6 35. g4 Bc5+ 36. Bd4 Nxd4 37. Nxd4 Ra4 38. f5 Kg7 39. f6+ Kf8 40. g5
Ke8 41. Rd3 Rxd4 42. Rxd4 Kd7 43. Kd3 Bxd4 44. Kxd4 Ke6 45. h3 Ba6 46. h4 Bc4
47. Kc5 Kxe5 0-1

[Event "Campeonato Brasileiro Amador 2015"]
[Site "Esporte Clube Pinheiros, SÃ£o P"]
[Date "2015.05.01"]
[Round "2.10"]
[White "De Borba, Guilherme"]
[Black "Souza Dos Santos, Matheus Garce"]
[Result "0-1"]
[WhiteElo "1863"]
[BlackElo "2058"]
[PlyCount "114"]
[EventDate "2015.04.30"]

1. e4 c5 2. Nf3 d6 3. d4 cxd4 4. Nxd4 Nf6 5. Nc3 a6 6. Be3 e6 7. f3 b5 8. Qd2
Bb7 9. g4 Nfd7 10. O-O-O Nb6 11. h4 N8d7 12. Qf2 Rc8 13. Kb1 Rxc3 14. bxc3 Qc7
15. Bxb5 axb5 16. Nxb5 Qc6 17. Na7 Qxc3 18. Rd3 Qa5 19. Rb3 Qxa7 20. Bxb6 Nxb6
21. Qxb6 Qxb6 22. Rxb6 Bc8 23. Rd1 Be7 24. Rd3 O-O 25. a4 f5 26. exf5 exf5 27.
g5 Be6 28. Rb7 Kf7 29. Rxd6 Ra8 30. Rd4 Ra5 31. Rb5 Ra7 32. Kb2 Bd7 33. Re5
Bxa4 34. Rxf5+ Ke6 35. Rff4 Bc6 36. Rc4 Bd5 37. Ra4 Rb7+ 38. Kc3 Bd6 39. Ra6
Rc7+ 40. Kd2 Ke5 41. Raa4 Rc5 42. Kd3 Ke6 43. Rfd4 Bxf3 44. Ra6 Bc6 45. c4 Be5
46. Rd8 Kf5 47. Rd4 Bb7 48. Ra7 Bxd4 49. Kxd4 Rc7 50. c5 Rd7+ 51. Ke3 Ke6 52.
Ra4 Rc7 53. Kd4 Rf7 54. Ke3 Kd5 55. Rg4 Re7+ 56. Kd3 Ba6+ 57. Kd2 Re4 0-1

[Event "Campeonato Brasileiro Amador 2015"]
[Site "Esporte Clube Pinheiros, SÃ£o P"]
[Date "2015.05.01"]
[Round "2.11"]
[White "Nicolini, Paulo Giovanni De A"]
[Black "Van Riemsdijk, Dirk D"]
[Result "1-0"]
[WhiteElo "1853"]
[BlackElo "2048"]
[PlyCount "111"]
[EventDate "2015.04.30"]

1. e4 c6 2. d4 d5 3. exd5 cxd5 4. c4 Nf6 5. Nc3 Nc6 6. Bg5 Qa5 7. Bxf6 exf6 8.
cxd5 Bb4 9. Qd2 Bxc3 10. bxc3 Qxd5 11. Nf3 O-O 12. Be2 Re8 13. O-O Na5 14. Rfe1
Bd7 15. Qd3 Rac8 16. Nd2 b5 17. a4 bxa4 18. c4 Qd6 19. c5 Qd5 20. Bf3 Rxe1+ 21.
Rxe1 Qa2 22. Qa6 Re8 23. Rxe8+ Bxe8 24. Qxa5 Qa1+ 25. Nf1 Qxd4 26. c6 g6 27. c7
Bd7 28. Bb7 Qb6 29. Qxb6 axb6 30. c8=Q+ Bxc8 31. Bxc8 Kf8 32. Nd2 Ke7 33. Kf1
Kd6 34. Ke1 Kc5 35. Kd1 b5 36. Kc2 b4 37. Bd7 a3 38. Kb3 f5 39. Be8 f6 40. Bf7
g5 41. Bg8 h6 42. Bh7 h5 43. Bxf5 Kd4 44. Bb1 h4 45. Kxb4 a2 46. Nb3+ Ke5 47.
Bxa2 g4 48. Bb1 Kf4 49. Nd4 Ke5 50. Kc3 Kf4 51. Ne2+ Kg5 52. Kd4 f5 53. Ke3 g3
54. hxg3 hxg3 55. fxg3 Kg4 56. Bd3 1-0

[Event "Campeonato Brasileiro Amador 2015"]
[Site "Esporte Clube Pinheiros, SÃ£o P"]
[Date "2015.05.01"]
[Round "2.12"]
[White "Siqueira Gomes, Gustavo"]
[Black "Pedroso, Andre Lucio"]
[Result "1-0"]
[WhiteElo "2045"]
[BlackElo "1850"]
[PlyCount "67"]
[EventDate "2015.04.30"]

1. d4 Nf6 2. c4 d6 3. Nc3 g6 4. e4 Nbd7 5. f3 Bg7 6. Bg5 c6 7. Qd2 O-O 8. Nge2
Rb8 9. Nc1 Qc7 10. Be2 e5 11. d5 a6 12. O-O c5 13. a4 Ne8 14. Be7 f5 15. Bxf8
Nxf8 16. exf5 Bxf5 17. Bd3 Bxd3 18. Nxd3 Nd7 19. Rae1 Qa5 20. Qg5 Qd8 21. Qxd8
Rxd8 22. Ne4 Bh6 23. h4 Rb8 24. g4 b5 25. g5 Bg7 26. axb5 axb5 27. b3 bxc4 28.
bxc4 Rb3 29. Re3 Nb6 30. Rc1 Kf7 31. Nxe5+ Bxe5 32. Rxb3 Nc8 33. f4 Bd4+ 34.
Kg2 1-0

[Event "Campeonato Brasileiro Amador 2015"]
[Site "Esporte Clube Pinheiros, SÃ£o P"]
[Date "2015.05.01"]
[Round "2.13"]
[White "Togni, Everton Batista"]
[Black "Fonseca, Luis Ernesto Serra A"]
[Result "0-1"]
[WhiteElo "1846"]
[BlackElo "2038"]
[PlyCount "68"]
[EventDate "2015.04.30"]

1. Nf3 c5 2. b3 Nf6 3. Bb2 g6 4. e3 Bg7 5. Be2 Nc6 6. O-O O-O 7. d3 d5 8. Ne5
Qd6 9. f4 Nd7 10. d4 Ndxe5 11. fxe5 Qc7 12. Bf3 Rd8 13. Nc3 Be6 14. Qd2 Rac8
15. Qf2 cxd4 16. Nxd5 Rxd5 17. Bxd5 Bxd5 18. exd4 b5 19. c3 f6 20. exf6 Bxf6
21. Qe2 a6 22. Rad1 Nd8 23. Rde1 Ne6 24. Qg4 Qc6 25. h4 Ng7 26. Rf2 Rd8 27.
Rfe2 Qc8 28. Qf4 Nh5 29. Qf2 Qg4 30. Rxe7 Bxe7 31. Rxe7 Nf4 32. Re3 Rf8 33. Qg3
Ne2+ 34. Rxe2 Qxg3 0-1

[Event "Campeonato Brasileiro Amador 2015"]
[Site "Esporte Clube Pinheiros, SÃ£o P"]
[Date "2015.05.01"]
[Round "2.14"]
[White "Pomar, Marcelo Nascimento"]
[Black "Brassoloto, Adan"]
[Result "1/2-1/2"]
[WhiteElo "2024"]
[BlackElo "1820"]
[PlyCount "147"]
[EventDate "2015.04.30"]

1. e4 c5 2. Nf3 g6 3. c4 Nc6 4. d4 cxd4 5. Nxd4 Bg7 6. Be3 Nf6 7. Nc3 O-O 8.
Be2 d6 9. Qd2 Bd7 10. Rc1 Nxd4 11. Bxd4 Bc6 12. f3 Nd7 13. Be3 a5 14. b3 Nc5
15. O-O f5 16. exf5 Rxf5 17. f4 e5 18. Bg4 exf4 19. Bxf4 Rxf4 20. Qxf4 Be5 21.
Qf7+ Kh8 22. Nd5 Qh4 23. Bh3 Ne4 24. Kh1 Bxd5 25. cxd5 Ng3+ 26. hxg3 Qxg3 27.
Rf4 Qxf4 28. Qxf4 Bxf4 29. Rc8+ Rxc8 30. Bxc8 b6 31. g4 Kg7 32. Kg2 Kf6 33. Kf3
Ke5 34. Be6 g5 35. Ke2 Kd4 36. Kd1 Kc3 37. Bf5 h6 38. Bd7 Kb2 39. Ba4 Kxa2 40.
Kc2 Ka3 41. Kc3 Be5+ 42. Kc4 Kb2 43. Bd7 Kc2 44. b4 axb4 45. Kxb4 Kd3 46. Kb5
Bd4 47. Be6 Bc5 48. Bf7 Kd4 49. Be6 Ke5 50. Kc4 Kf4 51. Bd7 Ke4 52. Bf5+ Ke5
53. Be6 Kf6 54. Bd7 Ke7 55. Bf5 Kd8 56. Be6 Kc7 57. Bf5 Kb7 58. Kb5 Bd4 59. Kc4
Be5 60. Kb5 Bf6 61. Be6 Bd4 62. Kc4 Be3 63. Kb5 Kc7 64. Bf5 Kd8 65. Kc6 Ke7 66.
Be6 h5 67. gxh5 Bd4 68. h6 Be5 69. Kxb6 Kf6 70. Kc6 Kg6 71. Bg4 Kxh6 72. Kd7
Kg6 73. Ke6 Bf4 74. Bf3 1/2-1/2

[Event "Campeonato Brasileiro Amador 2015"]
[Site "Esporte Clube Pinheiros, SÃ£o P"]
[Date "2015.05.01"]
[Round "2.15"]
[White "Aoyama, Edmundo"]
[Black "Pereira, Geanfrancesco"]
[Result "0-1"]
[WhiteElo "1829"]
[BlackElo "2014"]
[PlyCount "140"]
[EventDate "2015.04.30"]

1. Nf3 d6 2. c4 f5 3. d4 Nf6 4. Nc3 e6 5. g3 b6 6. Bg2 Bb7 7. O-O Be7 8. b3 O-O
9. Bb2 h6 10. Qd2 Nbd7 11. Ng5 hxg5 12. Bxb7 Rb8 13. Bg2 Nh7 14. Rad1 a6 15.
Ba3 Rf6 16. c5 d5 17. b4 b5 18. Bc1 c6 19. f3 Qe8 20. e4 f4 21. g4 Rh6 22. Rf2
Qf7 23. e5 Nhf8 24. Bf1 Ng6 25. Re1 a5 26. a3 Nh4 27. Na2 Qf8 28. Qc2 Qd8 29.
Bd2 a4 30. Bc1 Qc7 31. Nc3 Kf7 32. Nd1 Rbh8 33. Qd3 Qa7 34. Nc3 Ng6 35. Qc2
Ngxe5 36. Rxe5 Bf6 37. Rfe2 Qb8 38. Nd1 Bxe5 39. dxe5 Nxe5 40. Rf2 Rxh2 41. Bg2
Nc4 42. Qd3 Qe5 43. Re2 Qf6 44. Nf2 Qa1 45. Qd1 e5 46. Qe1 Qd4 47. Qd1 Qxd1+
48. Nxd1 d4 49. Re4 Kf6 50. Nf2 R2h6 51. Nd3 Re8 52. Kf2 Rhh8 53. Kg1 Re7 54.
Kf2 Rd8 55. Ke2 Ne3 56. Kf2 Ree8 57. Bxe3 dxe3+ 58. Ke2 Rh8 59. Rxe5 Rh2 60.
Rf5+ Ke6 61. Re5+ Kf6 62. Rf5+ Ke6 63. Re5+ Kf7 64. Ne1 Rd2+ 65. Kf1 Ra2 66.
Kg1 Rh8 67. Rxg5 g6 68. Re5 Rd8 69. Re4 Rd1 70. Rxf4+ Kg7 0-1

[Event "Campeonato Brasileiro Amador 2015"]
[Site "Esporte Clube Pinheiros, SÃ£o P"]
[Date "2015.05.01"]
[Round "2.16"]
[White "Carstens Dobuchak, Thiago"]
[Black "De Almeida, Guilherme Pereira"]
[Result "1-0"]
[WhiteElo "2014"]
[BlackElo "1815"]
[PlyCount "121"]
[EventDate "2015.04.30"]

1. e4 c5 2. Nf3 e6 3. d4 cxd4 4. Nxd4 a6 5. Nc3 Qc7 6. Qf3 Nc6 7. Nxc6 dxc6 8.
Qg3 Qxg3 9. hxg3 e5 10. Be3 Nf6 11. f3 Bb4 12. Bc4 Be6 13. Bxe6 fxe6 14. O-O-O
Bxc3 15. bxc3 Rd8 16. Rd3 Rxd3 17. cxd3 Kd7 18. Kc2 Kc7 19. g4 Nd7 20. Bf2 c5
21. Bg3 Kc6 22. Kd2 b5 23. g5 b4 24. cxb4 cxb4 25. Rc1+ Kb7 26. Rb1 a5 27. a3
Ka6 28. axb4 Rb8 29. Rh1 axb4 30. Rxh7 b3 31. Rh1 Kb5 32. Kc3 Rd8 33. Kxb3 Nc5+
34. Kc2 Nxd3 35. Be1 Kc4 36. Bc3 Ra8 37. Ra1 Nb4+ 38. Kb1 Rd8 39. Bxb4 Kxb4 40.
Kc2 Rd7 41. Ra6 Re7 42. Kd3 Kb5 43. Ra8 Kb4 44. g6 Rd7+ 45. Ke3 Kc5 46. Ra6 Re7
47. Kd3 Kb5 48. Ra8 Rd7+ 49. Kc3 Rc7+ 50. Kb3 Re7 51. Rf8 Kc6 52. Kc4 Kd6 53.
Rf7 Rxf7 54. gxf7 Ke7 55. Kc5 Kxf7 56. Kd6 Kf6 57. g3 g6 58. f4 exf4 59. gxf4
g5 60. fxg5+ Kf7 61. e5 1-0

[Event "Campeonato Brasileiro Amador 2015"]
[Site "Esporte Clube Pinheiros, SÃ£o P"]
[Date "2015.05.01"]
[Round "2.17"]
[White "Dias, Marcelo De Souza"]
[Black "Lopes, Marcelo Ferreira"]
[Result "1/2-1/2"]
[WhiteElo "1816"]
[BlackElo "2004"]
[PlyCount "101"]
[EventDate "2015.04.30"]

1. d4 Nf6 2. c4 e6 3. Nc3 Bb4 4. Nf3 b6 5. Bg5 h6 6. Bh4 Bb7 7. Nd2 d5 8. Qa4+
Nc6 9. cxd5 exd5 10. e3 Be7 11. Bb5 Qd7 12. Bxf6 Bxf6 13. Nxd5 Qxd5 14. Rc1
Qxg2 15. Bxc6+ Bxc6 16. Qxc6+ Qxc6 17. Rxc6 Kd7 18. Rc4 Rhe8 19. Ke2 c6 20.
Rhc1 Rac8 21. Kd3 g6 22. b4 Be7 23. a4 Bd6 24. h3 f5 25. f3 b5 26. axb5 cxb5
27. Rxc8 Rxc8 28. Rxc8 Kxc8 29. Kc3 g5 30. e4 fxe4 31. fxe4 Bf4 32. Nf3 h5 33.
e5 g4 34. hxg4 hxg4 35. Nh4 Kd7 36. Ng2 Bg5 37. d5 Bc1 38. Kd4 Bb2+ 39. Kc5
Bxe5 40. Kxb5 Kd6 41. Kc4 g3 42. b5 Bf6 43. Ne3 Ke5 44. Kd3 Bg5 45. b6 axb6 46.
Nc4+ Kxd5 47. Nxb6+ Ke6 48. Ke2 Be3 49. Kf3 Bf2 50. Nc4 Kd5 51. Nd2 1/2-1/2

[Event "Campeonato Brasileiro Amador 2015"]
[Site "Esporte Clube Pinheiros, São "]
[Date "2015.05.01"]
[Round "2.18"]
[White "Caris, Eduardo"]
[Black "Tomic, Marco Di Pillo"]
[Result "1/2-1/2"]
[WhiteElo "1813"]
[BlackElo "2000"]
[PlyCount "153"]
[EventDate "2015.04.30"]

1. c4 e5 2. g3 Nf6 3. Bg2 g6 4. Nc3 Bg7 5. Nf3 d6 6. O-O O-O 7. d3 Nc6 8. Rb1
a5 9. a3 h6 10. b4 axb4 11. axb4 Ne7 12. Bb2 Be6 13. b5 c6 14. bxc6 bxc6 15. c5
Qc7 16. cxd6 Qxd6 17. Qc2 Rfb8 18. Ba1 Ra5 19. Rxb8+ Qxb8 20. Qb1 Qa7 21. h3
Nh5 22. Kh2 e4 23. dxe4 Rxa1 24. Qxa1 Qxa1 25. Rxa1 Bxc3 26. Ra7 Kf8 27. Ra8+
Kg7 28. Ra7 Kf8 29. Ra8+ Bc8 30. h4 Ke8 31. Ra3 Bb4 32. Ra8 Bc3 33. Ra3 Bh8 34.
e5 Kd8 35. Ra8 Kc7 36. Nd4 Kb7 37. Ra5 Ng7 38. f4 Ngf5 39. Nc2 Bg7 40. e4 Kb6
41. Ra8 Nxh4 42. gxh4 g5 43. e6 Bxe6 44. hxg5 hxg5 45. Re8 Ng6 46. f5 Bd7 47.
Rg8 Be5+ 48. Kh1 Nf4 49. Rxg5 Nxg2 50. Kxg2 c5 51. Ne3 Kb5 52. Kf3 Bc6 53. Rg1
c4 54. Rc1 c3 55. Rb1+ Kc5 56. Nc2 Kc4 57. Ke3 Bd6 58. Ra1 Bc5+ 59. Kf3 Kd3 60.
Ne1+ Kd2 61. Kf4 c2 62. Nxc2 Kxc2 63. Rh1 Kd3 64. Rh3+ Kd4 65. e5 Bb4 66. Rh2
Ba5 67. Ra2 Bc7 68. Rd2+ Kc5 69. Rd1 f6 70. Re1 fxe5+ 71. Kg5 Kd6 72. f6 Bd8
73. Kg6 Ke6 74. f7 Be7 75. Kg7 e4 76. f8=Q Bxf8+ 77. Kxf8 1/2-1/2

[Event "Campeonato Brasileiro Amador 2015"]
[Site "Esporte Clube Pinheiros, SÃ£o P"]
[Date "2015.05.01"]
[Round "2.19"]
[White "Budde, Vinicius Chemale"]
[Black "Silva, Janderson Rossi Da"]
[Result "1/2-1/2"]
[WhiteElo "1988"]
[BlackElo "1810"]
[PlyCount "32"]
[EventDate "2015.04.30"]

1. e4 d5 2. exd5 Nf6 3. d4 Nxd5 4. c4 Nb6 5. Be2 Bf5 6. Nf3 e6 7. O-O Be7 8.
Nc3 O-O 9. Bf4 Nc6 10. a3 Bf6 11. d5 exd5 12. c5 Bxc3 13. cxb6 Ba5 14. bxc7
Bxc7 15. Bxc7 Qxc7 16. Qxd5 Be6 1/2-1/2

[Event "Campeonato Brasileiro Amador 2015"]
[Site "Esporte Clube Pinheiros, SÃ£o P"]
[Date "2015.05.01"]
[Round "2.20"]
[White "De Moura, Valderi Nascimento"]
[Black "Tacconi Da Silva, Lucas"]
[Result "0-1"]
[WhiteElo "1799"]
[BlackElo "1979"]
[PlyCount "84"]
[EventDate "2015.04.30"]

1. e4 e6 2. Nf3 d5 3. e5 c5 4. c3 Bd7 5. g3 Qb6 6. Bg2 Bb5 7. d3 Nc6 8. O-O
Nge7 9. Re1 Nf5 10. Qc2 Be7 11. Nbd2 O-O 12. Nf1 Rfd8 13. Ne3 Nxe3 14. Bxe3 d4
15. cxd4 cxd4 16. Bg5 Bxg5 17. Nxg5 Nb4 18. Qd2 Nxd3 19. Be4 Nxe1 20. Bxh7+ Kf8
21. Rxe1 Rac8 22. Re4 Be8 23. Rf4 Ke7 24. Kg2 g6 25. Kh3 Qb5 26. Bg8 Qxe5 27.
Qb4+ Qc5 28. Qd2 Rd5 29. Ne4 Qc4 30. g4 f5 31. gxf5 gxf5 32. Ng5 Bd7 33. Bh7 a5
34. Qe1 Qc1 35. Qxc1 Rxc1 36. Bg6 d3 37. Bh5 d2 38. b4 d1=Q 39. Bxd1 Rcxd1 40.
bxa5 Rxa5 41. Rb4 Bc6 42. f4 Rxa2 0-1

[Event "Campeonato Brasileiro Amador 2015"]
[Site "Esporte Clube Pinheiros, São P"]
[Date "2015.05.01"]
[Round "2.21"]
[White "Coronado, Evandro Jose"]
[Black "Da Silva Junior, Sediney Mari"]
[Result "1/2-1/2"]
[WhiteElo "1787"]
[BlackElo "1970"]
[PlyCount "87"]
[EventDate "2015.04.30"]

1. Nf3 f5 2. c4 Nf6 3. d4 d6 4. Nc3 c6 5. Bg5 e6 6. e4 fxe4 7. Nxe4 Be7 8. Bd3
Nxe4 9. Bxe7 Nxf2 10. Bxd8 Nxd1 11. Rxd1 Kxd8 12. Ng5 Rf8 13. Bxh7 Ke7 14. Rd3
Na6 15. a3 Bd7 16. Rf1 Rxf1+ 17. Kxf1 Rf8+ 18. Rf3 Rxf3+ 19. Nxf3 Kf6 20. Bd3
c5 21. Ke2 Bc6 22. dxc5 Nxc5 23. Bc2 e5 24. b4 Ne6 25. Ke3 Bxf3 26. gxf3 b6 27.
Be4 Kg5 28. Bd5 Nf4 29. Ke4 g6 30. c5 dxc5 31. bxc5 bxc5 32. Kxe5 Nxd5 33. Kxd5
Kf4 34. Kxc5 Kxf3 35. a4 Kg4 36. a5 Kh3 37. a6 Kxh2 38. Kc6 g5 39. Kb7 g4 40.
Kxa7 g3 41. Kb8 g2 42. a7 g1=Q 43. a8=Q Qg8+ 44. Kb7 1/2-1/2

[Event "Campeonato Brasileiro Amador 2015"]
[Site "Esporte Clube Pinheiros, São P"]
[Date "2015.05.01"]
[Round "2.22"]
[White "Leon Lopes, Sergio Amadeus"]
[Black "Dibai, Jerry"]
[Result "1-0"]
[WhiteElo "1967"]
[BlackElo "1786"]
[PlyCount "86"]
[EventDate "2015.04.30"]

1. c4 Nf6 2. Nf3 g6 3. Nc3 Bg7 4. g3 O-O 5. Bg2 d6 6. O-O e5 7. d3 c6 8. Rb1
Re8 9. Qc2 a6 10. b4 d5 11. e4 d4 12. Na4 b5 13. Nc5 Nbd7 14. Nb3 Nb6 15. Na5
Bd7 16. c5 Na4 17. Nb7 Qc7 18. Nd6 Re7 19. Bd2 h6 20. Qc1 Kh7 21. Nh4 Ne8 22.
Nxe8 Rexe8 23. f4 Nc3 24. Bxc3 dxc3 25. f5 gxf5 26. Nxf5 Bxf5 27. Rxf5 Re7 28.
Qxc3 Rd8 29. Bf1 Rd5 30. Be2 Qd7 31. Rbf1 Kh8 32. a3 Qe6 33. Qb2 f6 34. g4 Qd7
35. R1f3 Qe6 36. Bd1 Qd7 37. Bc2 Qe8 38. h4 Red7 39. Bb1 Qg6 40. g5 hxg5 41.
hxg5 fxg5 42. Rh3+ Bh6 43. Qh2 Kh7 1-0

[Event "Campeonato Brasileiro Amador 2015"]
[Site "Esporte Clube Pinheiros, São P"]
[Date "2015.05.01"]
[Round "2.23"]
[White "Hoshino, Karen"]
[Black "Desideri, Ricardo Maruchi"]
[Result "0-1"]
[WhiteElo "1777"]
[BlackElo "1965"]
[PlyCount "108"]
[EventDate "2015.04.30"]

1. d4 Nf6 2. c4 c5 3. d5 e6 4. Nc3 exd5 5. cxd5 d6 6. e4 g6 7. Bd3 Bg7 8. h3
O-O 9. Nf3 Na6 10. O-O Nc7 11. Re1 Rb8 12. a4 b6 13. Bg5 a6 14. Nd2 b5 15. a5
Bd7 16. f4 Qc8 17. Bxf6 Bxf6 18. Qf3 c4 19. Bf1 b4 20. Nd1 c3 21. bxc3 bxc3 22.
Nc4 Bd4+ 23. Kh1 c2 24. Nde3 Bxa1 25. Rxa1 Rb1 26. Nxc2 Rxa1 27. Nxa1 Nb5 28.
Nb3 Qc7 29. Qe3 Re8 30. Bd3 Bf5 31. e5 Bxd3 32. Qxd3 Rc8 33. Nbd2 Qc5 34. Kh2
Qf2 35. exd6 Qxf4+ 36. Qg3 Qxg3+ 37. Kxg3 Rd8 38. Nb6 Nxd6 39. Kf4 Re8 40. g4
Re2 41. Nb3 f6 42. Nc5 Ra2 43. Nxa6 Rxa5 44. Nc7 Ra3 45. h4 h6 46. g5 Rb3 47.
Nd7 Rb4+ 48. Kf3 fxg5 49. hxg5 hxg5 50. Ne6 g4+ 51. Kg2 Nf5 52. Ne5 Rb2+ 53.
Kg1 Ne3 54. d6 g3 0-1

[Event "Campeonato Brasileiro Amador 2015"]
[Site "Esporte Clube Pinheiros, São P"]
[Date "2015.05.01"]
[Round "2.24"]
[White "Guimaraes, Artemis Pamela"]
[Black "Souza, Kim Garcia De"]
[Result "1-0"]
[WhiteElo "1963"]
[BlackElo "1764"]
[PlyCount "63"]
[EventDate "2015.04.30"]

1. e4 d5 2. exd5 Nf6 3. d4 Nxd5 4. Nf3 Bg4 5. h3 Bh5 6. c4 Nf6 7. Nc3 e6 8. g4
Bg6 9. Ne5 c6 10. Bg2 Nfd7 11. Nxg6 hxg6 12. Be3 Nb6 13. Qe2 Na6 14. d5 cxd5
15. cxd5 Nxd5 16. Bxd5 exd5 17. Bg5+ Be7 18. O-O-O Kf8 19. Bxe7+ Qxe7 20. Qb5
Rc8 21. Qxd5 Nb4 22. Qb3 Qe4 23. f3 Nd3+ 24. Kb1 Qxf3 25. Rhf1 Nc5 26. Rxf3
Nxb3 27. axb3 f6 28. Rd7 Rb8 29. Rfd3 Rh7 30. Nd5 f5 31. Ne7 Ke8 32. Nxf5 1-0